000 00310nam a2200121Ia 4500
008 230524s9999 xx 000 0 und d
100 _aRajesh K. Maurya
245 0 _aComputer Graphics: With Virtual Reality Systems
260 _bJ.Wiley
500 _aQuantity Number: 100
650 _aComp-Sc
942 _cBK
999 _c49997
_d49997